[Event "Niederbayrische Einzelmeisterschaft"]
[Site "Mamming"]
[Date "2011.03.13"]
[Round "7.6"]
[White "Reich, Christian"]
[Black "Thanner, Daniel"]
[Result "0-1"]
[WhiteElo "1647"]
[BlackElo "1855"]
[PlyCount "92"]
[EventDate "2011.03.??"]
[EventType "swiss"]
[EventRounds "7"]
[EventCountry "GER"]
[SourceDate "2015.12.20"]
[SourceVersionDate "2015.12.20"]
[WhiteTeam "SC Straubing"]
[BlackTeam "SC Ortenburg 1894"]

1. e4 c6 2. Nf3 d5 3. exd5 cxd5 4. d4 Nc6 5. Nc3 Bg4 6. Be2 Nf6 7. O-O e6 8. h3
Bh5 9. a3 a6 10. Be3 Qc7 11. Qd2 Bd6 12. Rab1 O-O 13. Rfc1 Rfc8 14. Ne1 Bxe2
15. Nxe2 Ne4 16. Qd3 b5 17. f3 Ng3 18. Nxg3 Bxg3 19. b4 Nb8 20. c3 Nd7 21. Kf1
Nb6 22. Ke2 Nc4 23. Nc2 Bh4 24. Bf2 Bg5 25. Be3 Bxe3 26. Nxe3 Nxa3 27. Ra1 Nc4
28. Nxc4 bxc4 29. Qc2 a5 30. Qa4 Ra7 31. Ra2 Rca8 32. Rca1 e5 33. bxa5 exd4 34.
cxd4 Qf4 35. Rd1 Re7+ 36. Kf1 Rae8 37. a6 Qg3 38. Qxe8+ Rxe8 39. a7 Ra8 40. Rb1
Qc7 41. Rba1 g6 42. Ke2 c3 43. Kd3 Qc4+ 44. Ke3 c2 45. Kd2 c1=Q+ 46. Rxc1 Qxa2+
0-1

[Event "Niederbayrische Einzelmeisterschaft"]
[Site "Mamming"]
[Date "2011.03.13"]
[Round "7.7"]
[White "Kleibel, Uwe"]
[Black "Valenza, Guiseppe"]
[Result "1-0"]
[WhiteElo "2079"]
[BlackElo "1788"]
[PlyCount "73"]
[EventDate "2011.03.??"]
[EventType "swiss"]
[EventRounds "7"]
[EventCountry "GER"]
[SourceDate "2015.12.20"]
[SourceVersionDate "2015.12.20"]
[WhiteTeam "SC Ortenburg 1894"]
[BlackTeam "SV Aham"]

1. d4 Nf6 2. Bf4 g6 3. e3 Bg7 4. Nf3 d6 5. Be2 c6 6. c4 Qa5+ 7. Nc3 Ne4 8. Qb3
Nxc3 9. Qxc3 Qxc3+ 10. bxc3 Nd7 11. O-O c5 12. a4 O-O 13. a5 Nf6 14. Rfb1 Nh5
15. Bg5 Nf6 16. Nd2 Rb8 17. Bf4 Bf5 18. Rb3 Ne4 19. Nxe4 Bxe4 20. f3 e5 21. Bg3
Bf5 22. e4 Be6 23. Rab1 Bc8 24. dxc5 dxc5 25. Bf2 Rd8 26. Bxc5 Bf8 27. Bxa7 Ra8
28. Bb6 Rd2 29. R3b2 Rxb2 30. Rxb2 Bd7 31. Rd2 Bc6 32. c5 Be7 33. Bc4 Kf8 34.
Bd5 Bd8 35. Bxc6 Bxb6 36. cxb6 bxc6 37. b7 1-0

[Event "Niederbayrische Einzelmeisterschaft"]
[Site "Mamming"]
[Date "2011.03.13"]
[Round "7.8"]
[White "Staller, Josef"]
[Black "Stroeher, Wolfgang"]
[Result "0-1"]
[WhiteElo "1705"]
[BlackElo "1976"]
[PlyCount "124"]
[EventDate "2011.03.??"]
[EventType "swiss"]
[EventRounds "7"]
[EventCountry "GER"]
[SourceDate "2015.12.20"]
[SourceVersionDate "2015.12.20"]
[WhiteTeam "SC Rottal"]
[BlackTeam "SC Straubing"]

1. e4 Nf6 2. Nc3 e5 3. Nf3 Nc6 4. Bb5 d6 5. Bxc6+ bxc6 6. d4 exd4 7. Qxd4 Be7
8. O-O O-O 9. Ne2 Nd7 10. Ng3 Bf6 11. Qd2 Re8 12. c3 Nc5 13. Qc2 Ba6 14. Re1
Bd3 15. Qd1 Bxe4 16. Nxe4 Rxe4 17. Rxe4 Nxe4 18. Qa4 Qe8 19. Bf4 Nc5 20. Qc2
Qe4 21. Qd2 Ne6 22. Be3 c5 23. Re1 Qc4 24. Bg5 Nxg5 25. Nxg5 Qxa2 26. h4 Rb8
27. Qe3 Qa4 28. b4 cxb4 29. cxb4 Bxg5 30. hxg5 g6 31. Qe7 Qxb4 32. Re4 Qc3 33.
Re3 Qc5 34. g3 a5 35. Rf3 Rf8 36. Rf4 c6 37. Rh4 Qe5 38. Qc7 c5 39. f4 Qa1+ 40.
Kg2 Qa2+ 41. Kh3 Re8 42. Qxd6 Qe6+ 43. Qxe6 Rxe6 44. Kg4 a4 45. Rh1 a3 46. Ra1
Ra6 47. Ra2 Kf8 48. Kf3 Ra4 49. Ke3 Ke7 50. g4 Kd6 51. Rd2+ Kc6 52. Ra2 Kb5 53.
f5 Kb4 54. fxg6 fxg6 55. Rh2 a2 56. Rxh7 a1=Q 57. Rb7+ Kc4 58. Ke4 Qd4+ 59. Kf3
Ra3+ 60. Ke2 Qd3+ 61. Ke1 Ra1+ 62. Kf2 Ra2+ 0-1

[Event "Niederbayrische Einzelmeisterschaft"]
[Site "Mamming"]
[Date "2011.03.13"]
[Round "7.9"]
[White "Haselbeck, Franz"]
[Black "Haider, Andreas"]
[Result "1-0"]
[WhiteElo "1966"]
[BlackElo "1562"]
[PlyCount "101"]
[EventDate "2011.03.??"]
[EventType "swiss"]
[EventRounds "7"]
[EventCountry "GER"]
[SourceDate "2015.12.20"]
[SourceVersionDate "2015.12.20"]
[WhiteTeam "SV Deggendorf"]
[BlackTeam "SV Aham"]

1. Nf3 g6 2. g3 Bg7 3. Bg2 e6 4. O-O Ne7 5. d3 O-O 6. e4 d6 7. Nbd2 Nd7 8. Qe2
Nc6 9. c3 Bh6 10. Ne1 e5 11. Nc4 Bxc1 12. Rxc1 Nf6 13. h3 Be6 14. a4 Qd7 15.
Kh2 Nh5 16. Ne3 Na5 17. Ra1 Nb3 18. Ra3 Nc5 19. d4 Nxa4 20. d5 Nc5 21. dxe6
Nxe6 22. Nd3 a6 23. Rd1 Qe7 24. Nd5 Qe8 25. Bf3 c6 26. Nb6 Rc8 27. Bxh5 gxh5
28. Qxh5 Ng7 29. Qh4 f5 30. Nc4 fxe4 31. Qxe4 d5 32. Qg4 dxc4 33. Qxc4+ Kh8 34.
Qe4 Qh5 35. Rf1 Rf3 36. Nxe5 Rf5 37. Ng4 Re8 38. Qd4 Re2 39. Rb3 Qf7 40. Qd1
Re7 41. Kg2 Rd7 42. Qc2 Rfd5 43. Rb4 Rd2 44. Qe4 Rc7 45. Qf4 Qd5+ 46. Qf3 Rf7
47. Qxd5 Rxd5 48. Re1 Kg8 49. Nh6+ Kf8 50. Nxf7 Kxf7 51. Rxb7+ 1-0

[Event "Niederbayrische Einzelmeisterschaft"]
[Site "Mamming"]
[Date "2011.03.13"]
[Round "7.10"]
[White "Woitylak, Steffen"]
[Black "Grum, Theodor"]
[Result "1-0"]
[WhiteElo "1928"]
[BlackElo "1777"]
[PlyCount "61"]
[EventDate "2011.03.??"]
[EventType "swiss"]
[EventRounds "7"]
[EventCountry "GER"]
[SourceDate "2015.12.20"]
[SourceVersionDate "2015.12.20"]
[WhiteTeam "TV 1862 Geiselhöring"]
[BlackTeam "SC Grafenau"]

1. e4 c5 2. Nf3 g6 3. c3 Bg7 4. d4 cxd4 5. cxd4 d5 6. e5 Bg4 7. Qa4+ Nc6 8.
Nbd2 Nh6 9. Bb5 Qd7 10. h3 Bf5 11. Nb3 Rc8 12. Nc5 Qc7 13. Bd2 O-O 14. Rc1 Bd7
15. Nxd7 Qxd7 16. O-O Nf5 17. Qxa7 Ra8 18. Bxc6 Qxc6 19. Qxa8 Rxa8 20. Rxc6
bxc6 21. g4 Nh6 22. a3 e6 23. Rc1 Ra6 24. Ne1 f6 25. exf6 Bf8 26. Nd3 Kf7 27.
g5 Nf5 28. Ne5+ Ke8 29. Rxc6 Rxc6 30. Nxc6 Kd7 31. Ne5+ 1-0

[Event "Niederbayrische Einzelmeisterschaft"]
[Site "Mamming"]
[Date "2011.03.13"]
[Round "7.11"]
[White "Strangmueller, Andreas"]
[Black "Oberpriller, Katharina"]
[Result "1/2-1/2"]
[WhiteElo "1852"]
[BlackElo "1556"]
[PlyCount "48"]
[EventDate "2011.03.??"]
[EventType "swiss"]
[EventRounds "7"]
[EventCountry "GER"]
[SourceDate "2015.12.20"]
[SourceVersionDate "2015.12.20"]
[WhiteTeam "SK Landshut"]
[BlackTeam "FC Ergolding 1932"]

1. d4 d5 2. c4 e6 3. Nc3 Nf6 4. cxd5 exd5 5. Bg5 Be7 6. e3 O-O 7. Bd3 Re8 8.
Qc2 h6 9. Bh4 c5 10. Nge2 Nc6 11. a3 Qd7 12. b3 cxd4 13. exd4 Qg4 14. Bxf6 Bxf6
15. O-O Nxd4 16. Nxd4 Bxd4 17. Rad1 Bxc3 18. Qxc3 Be6 19. Rfe1 Qf4 20. g3 Qg5
21. h4 Qe7 22. b4 Rac8 23. Qd4 a6 24. Bb1 h5 1/2-1/2

[Event "Niederbayrische Einzelmeisterschaft"]
[Site "Mamming"]
[Date "2011.03.13"]
[Round "7.12"]
[White "Thurnbauer, Alois"]
[Black "Huber, Florian"]
[Result "1/2-1/2"]
[WhiteElo "1607"]
[BlackElo "1394"]
[PlyCount "100"]
[EventDate "2011.03.??"]
[EventType "swiss"]
[EventRounds "7"]
[EventCountry "GER"]
[SourceDate "2015.12.20"]
[SourceVersionDate "2015.12.20"]
[WhiteTeam "SC Ortenburg 1894"]
[BlackTeam "SK Landau-Dingolfing"]

1. d4 Nf6 2. Bf4 d5 3. e3 Bf5 4. Nd2 e6 5. Be2 c5 6. c3 Bd6 7. Bg5 O-O 8. Ngf3
Nc6 9. O-O c4 10. Nh4 Be7 11. Nxf5 exf5 12. Bf4 Bd6 13. Nf3 Ne4 14. Qc2 Bxf4
15. exf4 Re8 16. Rfe1 Qc7 17. g3 Re7 18. Bf1 Rae8 19. Bg2 a6 20. Ne5 f6 21. Nf3
b5 22. Re3 Qd7 23. Rae1 b4 24. Qa4 bxc3 25. bxc3 Qb7 26. Nh4 g6 27. Qa3 Kf7 28.
R3e2 Rb8 29. Nf3 Na7 30. Qc1 Nb5 31. Rb2 Qc7 32. Re3 Qa5 33. Nh4 Rbb7 34. Bxe4
fxe4 35. Ng2 Rb8 36. h4 f5 37. Re1 Reb7 38. Rc2 Na3 39. Rce2 Rb1 40. Qe3 Rxe1+
41. Nxe1 Rb1 42. Qd2 Qa4 43. Kg2 Qd1 44. Qxd1 Rxd1 45. Nc2 Nxc2 46. Rxc2 Rb1
47. f3 h5 48. Kf2 Ke7 49. fxe4 fxe4 50. a4 a5 1/2-1/2

[Event "Niederbayrische Einzelmeisterschaft"]
[Site "Mamming"]
[Date "2011.03.13"]
[Round "7.15"]
[White "Meier, Hans"]
[Black "Seidl, Josef"]
[Result "1-0"]
[WhiteElo "1103"]
[BlackElo "1312"]
[PlyCount "69"]
[EventDate "2011.03.??"]
[EventType "swiss"]
[EventRounds "7"]
[EventCountry "GER"]
[SourceDate "2015.12.20"]
[SourceVersionDate "2015.12.20"]
[WhiteTeam "SV Aham"]
[BlackTeam "TSV Kreuzberg"]

1. e4 e6 2. d4 c6 3. c4 d6 4. Nc3 Be7 5. Bf4 Nd7 6. Qd3 h6 7. Nf3 Ngf6 8. Be2
O-O 9. e5 dxe5 10. dxe5 Nh5 11. Be3 f6 12. g4 Nxe5 13. Qxd8 Rxd8 14. Nxe5 fxe5
15. gxh5 a5 16. Ne4 a4 17. c5 a3 18. b3 Bd7 19. O-O-O Be8 20. Rdg1 b5 21. Bxh6
Rd7 22. Rxg7+ Kh8 23. Rhg1 Bh4 24. Rxd7 Bxd7 25. Bg5 Rg8 26. Kd1 Bc8 27. Ke1
Ba6 28. b4 Bc8 29. Rg4 Bxg5 30. Nxg5 Rf8 31. Ne4 Rf4 32. f3 Kh7 33. Rg6 Rh4 34.
Nf6+ Kh8 35. Rg8# 1-0